Statistics for Inside Out Emotions

Click here to take the quiz!

General Stats

  • This quiz has been taken 22,763 times
  • The average score is 4 of 5

Answer Stats

ColorVoiceEmotion% Correct
RedLewis BlackAnger
97%
BluePhyllis SmithSadness
94%
YellowAmy PoehlerJoy
90%
PurpleBill HaderFear
78%
GreenMindy KalingDisgust
74%

Score Distribution

Percentile by Number Answered

Percent of People with Each Score

Your Score History

You have not taken this quiz